000
00241nam a22000977a 4500
041
_a
eng
080
_a
80
100
_a
Каліущенко, В. Д.
245
_a
Зіставне вивч. герм. і роман.. Част.2
999
_c
282673
_d
282673
942
_c
BK